Tisseo Linéo 5 ( Toulouse ) - Statistiques

Statistiques générales
  • Ce quiz a été pris 14 fois
  • Le résultat moyen est 10 sur 37
Statistiques - réponses
Commune Coresspondances Arret % Correct
Toulouse B, L4, 44, 54, 152 Empalot
80%
Portet Sur Garonne 49, 85, 311, 316, 317, 320, 321 Portet Gare SNCF
80%
Portet Sur Garonne 50 Commerce
60%
Toulouse T1, L4, 34, 152 Croix de Pierre
60%
Toulouse TELEO, 13, 25, 152 Oncopole - Lise Enjalbert
50%
Toulouse L4, 34, 152 Roc
50%
Toulouse L4, 34, 152 Barrière de Muret
40%
Toulouse 152 Gallieni
40%
Toulouse 13, 25, 152 IUC
40%
Toulouse 152 Langlade
40%
Toulouse L4, 34, 152 Stadium Est
40%
Toulouse L4, 34, 152 Stadium Ouest
40%
Portet Sur Garonne 50, 311, 316, 317, 320 Eglise de Portet
30%
Toulouse 13, 152 Marchant
30%
Toulouse 152 Penent
30%
Toulouse 34, 152 Récollets Daste
30%
Portet Sur Garonne 50, 311, 316, 317, 320 Bosquets
20%
Portet Sur Garonne 50 Centre Commercial Portet - Entrée 5
20%
Portet Sur Garonne 50, 311, 316, 317, 320 Désiré
20%
Toulouse 50, 117 Larrieu
20%
Portet Sur Garonne 50 Occitanie
20%
Toulouse 13, 25, 152 Oncopole Courrière
20%
Toulouse 25 Route d'Espagne
20%
Portet Sur Garonne 117 Boulevard de l'Europe
10%
Portet Sur Garonne 117 Centre Commercial Portet - Entrée 1
10%
Portet Sur Garonne 50 Clairefont
10%
Portet Sur Garonne 50 Claire Fontaine
10%
Portet Sur Garonne 50 Ecole Récébédou
10%
Portet Sur Garonne 50 Frênes
10%
Toulouse 13, 152 Gironis - Mémorial AZF
10%
Toulouse 152 Hubert Curient
10%
Toulouse 25 Joulin
10%
Portet Sur Garonne 311, 316, 317, 320 La clé
10%
Toulouse 152 Maison Commune
10%
Portet Sur Garonne Palanques
10%
Toulouse 13, 152 Rond Point de Langlade
10%
Portet Sur Garonne Stade
10%
Aucun quiz correspondant
Distribution des résultats
% des personnes avec chaque résultat
Percentile par nombre de réponses
Votre historique - résultats
Vous n’avez pas pris ce quiz